000 00342cam a22001337a 4500
008 180718b1965 xxu||||| |||| 00| 0 eng d
082 _aA98 G413
100 _aGillett, Nicholas
245 _aMen against war
_cby Nicholas Gillett
260 _aLondon
_bGollancz
_c1965
300 _a144p.
650 _aPeace - Biography
650 _aBiography
999 _c366492
_d366492